La imagen de la vida humana y dos ejemplos literarios: Cervante, Valle Inclan

Tallennettuna:
Bibliografiset tiedot
Aineistotyyppi: Kirja
Kieli:espanja
Julkaistu: Madrid Revista de Occidente 1971
Sarja:Colección El Alción
Aiheet:
Tagit: Lisää tagi
Ei tageja, Lisää ensimmäinen tagi!

MARC

LEADER 00000nam a2200000 a 4500
001 UCU2407
003 CL-VaPUC
008 960426e19710000SP |||||||||||||||||spa|d
082 0 4 |a 864  |b MAR  |2 21 
245 1 3 |a La imagen de la vida humana y dos ejemplos literarios: Cervante, Valle Inclan 
300 |a 186 p 
942 |c BK 
945 |d 19960426 00:00:00  |a rleighto 
260 |a Madrid  |b Revista de Occidente  |c 1971 
600 0 |a Cervantes y Saavedra, Miguel de  |9 267947 
600 0 7 |a VALLE INCLAN, RAMON DEL  |2 CL-VaPUC  |9 315482 
650 0 |a Ensayos españoles  |9 313128 
583 |a last modification  |c 19960426 00:00:00  |k Rodrigo Vera 
490 0 |a Colección El Alción 
999 |c 246705  |d 246703 
952 |0 0  |1 0  |4 0  |6 864_000000000000000_MAR_1971  |7 0  |8 A  |9 261891  |a BIBEDU  |b BIBEDU  |d 2019-11-19  |i 3123367  |o 864 MAR 1971  |p 3123367  |r 2019-11-19  |w 2019-11-19  |y BK  |k FIL 
952 |0 0  |1 0  |4 0  |6 864_000000000000000_MAR_1971  |7 0  |8 A  |9 261892  |a BIBEDU  |b BIBEDU  |d 2019-11-19  |i 3272559  |l 1  |o 864 MAR 1971  |p 3272559  |r 2024-06-06  |s 2024-05-06  |w 2019-11-19  |y BK  |k LIT 
952 |0 0  |1 0  |4 0  |6 864_000000000000000_MAR_1971  |7 0  |8 A  |9 261893  |a BIBEDU  |b BIBEDU  |d 2019-11-19  |i 3272575  |o 864 MAR 1971  |p 3272575  |r 2019-11-19  |w 2019-11-19  |y BK  |k LIT